Catálogo
 En Linea

El crimen de la Hacienda María : (Registro nro. 37489)

Detalles MARC
000 -CABECERA
campo de control de longitud fija 01729nam a2200265 i 4500
001 - NÚMERO DE CONTROL
campo de control 000037999
003 - IDENTIFICADOR DEL NÚMERO DE CONTROL
campo de control DO-SdBNP
005 - FECHA Y HORA DE LA ÚLTIMA TRANSACCIÓN
campo de control 20241029141642.0
007 - CAMPO FIJO DE DESCRIPCIÓN FÍSICA--INFORMACIÓN GENERAL
campo de control de longitud fija ta
008 - DATOS DE LONGITUD FIJA--INFORMACIÓN GENERAL
campo de control de longitud fija 130311e2012 dr ahoc 000 0 spa d
020 ## - NÚMERO INTERNACIONAL ESTÁNDAR DEL LIBRO
Número Internacional Estándar del Libro 9789945877564
040 ## - FUENTE DE LA CATALOGACIÓN
Centro catalogador/agencia de origen DO-SdBNP
Lengua de catalogación spa
Centro/agencia transcriptor BNPHU
Normas de descripción rda
082 #4 - NÚMERO DE LA CLASIFICACIÓN DECIMAL DEWEY
Número de clasificación xxx
Número de documento/Ítem C929h
Número de edición 22
245 03 - MENCIÓN DE TÍTULO
Título El crimen de la Hacienda María :
Resto del título expediente de extradición de Ramfis Trujillo y compartes /
Mención de responsabilidad, etc. Introducción, Franklin Franco
264 #4 - PRODUCCIÓN, PUBLICACIÓN, DISTRIBUCIÓN, FABRICACIÓN Y COPYRIGHT
Producción, publicación, distribución, fabricación y copyright Santo Domingo :
Nombre del de productor, editor, distribuidor, fabricante Museo Memorial de la Resistencia Dominicana,
Fecha de producción, publicación, distribución, fabricación o copyright 2012.
300 ## - DESCRIPCIÓN FÍSICA
Extensión 532 páginas ;
Otras características físicas Ilustraciones, facsímil, retratos ;
Dimensiones 26 cm.
336 ## - TIPO DE CONTENIDO
Término de tipo de contenido texto
Código de tipo de contenido txt
Fuente rdacontent
337 ## - TIPO DE MEDIO
Nombre/término del tipo de medio sin mediación
Código del tipo de medio n
Fuente rdamedia
338 ## - TIPO DE SOPORTE
Nombre/término del tipo de soporte volumen
Código del tipo de soporte nc
Fuente rdacarrier
500 ## - NOTA GENERAL
Nota general Incluye índice onomástico
505 ## - NOTA DE CONTENIDO CON FORMATO
Nota de contenido con formato Presentación--
Título Introducción--
-- Sobre la transcripción--
-- Presentación del expediente--
-- Solicitud de extradición--
-- - Fotografías de los héroes--
-- I. Inicio del proceso--
-- II. Interrogatorios hechos a inculpados--
-- III. Testimonios--
-- IV. Fotografías y datos personales de los inculpados, mandamientos dictados contra estos de acuerdo con el procedimiento criminal dominicano y piezas relativas a la ejecución de los mismos--
-- V. Defunciones de las víctimas--
-- VI. Certificaciones que dan autenticidad a las copias que constituyen el presente expediente sobre extradición y sobre las firmas de los funcionario judiciales actuantes--
-- VII. Exposición judicial sumario de los hechos, autos, piezas relativas a la tramitación de este expediente sobre extradición e índice del mismo.
590 ## - NOTA LOCAL (RLIN)
Nota local Inventariado 2023 / MF
700 1# - PUNTO DE ACCESO ADICIONAL--NOMBRE DE PERSONA
Nombre de persona Franco, Franklin J.,
Fechas asociadas al nombre 1936-
Término indicativo de función/relación Introducción
Código de función/relación int.
9 (RLIN) 34417
942 ## - ELEMENTOS DE PUNTO DE ACCESO ADICIONAL (KOHA)
Fuente del sistema de clasificación o colocación Dewey Decimal Classification
Tipo de ítem Koha Libro
Existencias
Estado de retiro Estado de pérdida Fuente del sistema de clasificación o colocación Restricciones de uso No para préstamo Código de colección Localización permanente Ubicación/localización actual Ubicación en estantería Fecha de adquisición Fuente de adquisición Total de préstamos Signatura topográfica completa Código de barras Fecha visto por última vez Precio válido a partir de Tipo de ítem Koha Número de copia Nota pública
    Dewey Decimal Classification Excluido de préstamo   Patrimonio Dominicano Biblioteca Nacional Pedro Henríquez Ureña Biblioteca Nacional Pedro Henríquez Ureña En catalogación 11.02.2013 Depósito Legal   BNPHU PD 37999-10 25.06.2020 25.06.2020 Libro    
    Dewey Decimal Classification Excluido de préstamo   Patrimonio Dominicano Biblioteca Nacional Pedro Henríquez Ureña Biblioteca Nacional Pedro Henríquez Ureña En catalogación 22.06.2020 Compra   BNPHU PD C929h 2023-5437 18.08.2023 18.08.2023 Libro e.2  
    Dewey Decimal Classification Préstamo en sala   Dominicana de Servicio Biblioteca Nacional Pedro Henríquez Ureña Biblioteca Nacional Pedro Henríquez Ureña En catalogación 29.10.2024 Donado por la Presidencia de la República Dominicana 2023.   BNPHU DS C929h 2024-6240 29.10.2024 29.10.2024 Libro e.3 Perteneció a la biblioteca personal de Emilio Cordero Michel.

Con tecnología Koha